Score 0/16 Timer 02:00
3 Plays Today
Jackie Chan Film Missing Word % Correct
The Karate ___Kid
97.1%
Around the ___ in 80 DaysWorld
96.3%
The Spy Next ___Door
93.7%
Rush ___Hour
90.4%
Kung Fu ___Panda
83.2%
Mr. ___ GuyNice
74.8%
Cannonball ___Run
59.1%
New ___ of FuryFist
52.8%
Jackie Chan Film Missing Word % Correct
___ KnightsShanghai
45.1%
___ in the BronxRumble
41.8%
Drunken ___Master
33.7%
___ Story 3: Super CopPolice
20.7%
The Accidental ___Spy
18.7%
The ___ KingdomForbidden
16.4%
___ FistDragon
9.8%
Master with Cracked ___Fingers
6.1%

Today's Daily Dose

Missing Word
'T' Pairs

Word Ladder
Game Pieces

Get the Picture
Baseball Movies

Remove Ads.
Support Sporcle.
Get the best of Sporcle when you Go Orange. This ad-free experience offers more features, more stats, and more fun while also helping to support Sporcle. Thank you for becoming a member.

You're not logged in!

Compare scores with friends on all Sporcle quizzes.
OR
Log In

Show Comments

Extras

Top Quizzes Today


Score Distribution

Your Account Isn't Verified!

In order to create a playlist on Sporcle, you need to verify the email address you used during registration. Go to your Sporcle Settings to finish the process.

Report this User

Report this user for behavior that violates our Community Guidelines.

Details: